000 01050cam a22002775a 4500
001 L155407
002 19065
008 100428s2012 xxkd f 001 0 eng d
020 _a9781907196249
035 _a(Sirsi) u155407
041 0 _aeng
050 0 4 _a692.5 $2 18
110 2 _aBuilding Cost Information Service
_91096
245 0 0 _aWessex painting and decorating price book
_b2012
250 _a19th ed.
260 _aPoole
_bBCIS
_c2012
300 _av, 174p.
_c19cm.
350 _a40
520 _aProvides guide prices for for painting and decoration in new buildings and for redecoration in existing properties. The rates are presented in the following sections: basic rates; new internal work; new external work; wall coverings; internal redecoration; external redecoration; and composite prices.
520 _aSupersedes 18th ed. (ISBN 9781907196133).
521 _aAdvanced
590 _aKA
651 4 _aUnited Kingdom
_y
690 _aBUILT ENVIRONMENT-BUILDING MAINTENANCE AND REFURBISHMENT-MAINTENANCE COSTS
942 _n0
999 _c113549
_d113549